Workflow management : (Record no. 33099)
[ view plain ]
| 000 -LEADER | |
|---|---|
| fixed length control field | 02367cam a22003494a 4500 |
| 005 - DATE AND TIME OF LATEST TRANSACTION | |
| control field | 20020821080931.0 |
| 010 ## - LCCN (DPL NO) | |
| LC control number | ENG-95652 B-425024-028 |
| 020 ## - INTERNATIONAL STANDARD BOOK NUMBER | |
| International Standard Book Number | 9788120337947 |
| Terms of availability | 325.00 |
| 035 ## - SYSTEM CONTROL NUMBER | |
| System control number | EN-79185 |
| 035 ## - SYSTEM CONTROL NUMBER | |
| System control number | B-425024-028 |
| 037 ## - SOURCE OF ACQUISITION | |
| Stock number | DBAD/PUB |
| 037 ## - SOURCE OF ACQUISITION | |
| Stock number | Researchco Book Centre |
| 082 ## - DEWEY DECIMAL CLASSIFICATION NUMBER | |
| Classification number | 658.51 |
| Edition number | 21 |
| 100 ## - MAIN ENTRY--PERSONAL NAME | |
| Personal name | Aalst, Wil van der. |
| 245 ## - TITLE STATEMENT | |
| Title | Workflow management : |
| Remainder of title | models, methods, and systems / |
| Statement of responsibility, etc | Wil van der Aalst and Kees van Hee. |
| 260 ## - PUBLICATION, DISTRIBUTION, ETC. (IMPRINT) | |
| Place of publication, distribution, etc | New Delhi: |
| Name of publisher, distributor, etc | PHI Learning P.Ltd |
| Date of publication, distribution, etc | 2009 |
| 300 ## - PHYSICAL DESCRIPTION | |
| Extent | xvi, 368 p. : |
| Other physical details | ill. ; |
| Dimensions | 24 cm. |
| 500 ## - GENERAL NOTE | |
| General note | Includes bibliographical references and index. |
| 650 ## - SUBJECT ADDED ENTRY--TOPICAL TERM | |
| Topical term or geographic name as entry element | Management information systems. |
| 650 ## - SUBJECT ADDED ENTRY--TOPICAL TERM | |
| Topical term or geographic name as entry element | Production management. |
| 650 ## - SUBJECT ADDED ENTRY--TOPICAL TERM | |
| Topical term or geographic name as entry element | Workflow. |
| 700 ## - ADDED ENTRY--PERSONAL NAME | |
| Personal name | Hee, Kees Max van, |
| Dates associated with a name | 1946- |
| 9 (RLIN) | 32012 |
| 942 ## - ADDED ENTRY ELEMENTS (KOHA) | |
| Source of classification or shelving scheme | Dewey Decimal Classification |
| Item type | English Books |
| Classification part | 658.51 |
| Call number suffix | AAL |
| Withdrawn status | Lost status | Not for loan | Collection code | Home library | Current library | Date acquired | Source of acquisition | Cost, normal purchase price | Full call number | Barcode | Copy number | Cost, replacement price | Koha item type |
|---|---|---|---|---|---|---|---|---|---|---|---|---|---|
| Non-fiction | Central Library | Central Library | 10/08/2011 | Researchco Book Centre/RBC-22386/2011-12/14.3.11/76/4.3.11/23.3.11 | 325.00 | 658.51 AAL | B-425024 | 1 | 325.00 | English Books | |||
| Not For Loan | Non-fiction | D.B.Act.Division | D.B.Act.Division | 17/12/2009 | DBAD/PUB | 325.00 | 658.51 AaL | EN-79185 | 1 | 325.00 | English Books | ||
| Non-fiction | Karol Bagh | Karol Bagh | 10/08/2011 | Researchco Book Centre/RBC-22386/2011-12/14.3.11/76/4.3.11/23.3.11 | 325.00 | 658.51 AAL | B-425027 | 1 | 325.00 | English Books | |||
| Non-fiction | Patel Nagar | Patel Nagar | 10/08/2011 | Researchco Book Centre/RBC-22386/2011-12/14.3.11/76/4.3.11/23.3.11 | 325.00 | 658.51 AAL | B-425025 | 1 | 325.00 | English Books | |||
| Non-fiction | Sarojini Nagar | Sarojini Nagar | 10/08/2011 | Researchco Book Centre/RBC-22386/2011-12/14.3.11/76/4.3.11/23.3.11 | 325.00 | 658.51 AAL | B-425026 | 1 | 325.00 | English Books | |||
| Non-fiction | Shahdara Branch | Shahdara Branch | 10/08/2011 | Researchco Book Centre/RBC-22386/2011-12/14.3.11/76/4.3.11/23.3.11 | 325.00 | 658.51 AAL | B-425028 | 1 | 325.00 | English Books |
